Science Quiz

Random Science Quiz

Function Domains Quiz Stats

Quiz not verified by Sporcle

Challenge
Share
Tweet
Embed
Score 0/7 Timer 06:00
0 Plays Today
Functions Use set notation % Correct
f(x) = 3x + 2(negative inf, inf)
100%
f(x) = √(3x-6)[2,inf)
69.7%
f(x) = √(x^2 -9)(-inf,-3],[3,inf)
27.3%
f(x) = (2x-7)/(x+5)(-inf,-5),(-5,inf)
24.2%
f(x) = (2x-7)/(x^2-121)(-inf,-11), (-11,11) (11, inf)
21.2%
f(x) = √(25 -x^2)/(9-x^2 )[-5,-3), (-3,3), (3,5]
9.1%
f(x) = √(x+20)/(x^2+121)[-20, inf)
6.1%

You're not logged in!

Compare scores with friends on all Sporcle quizzes.
Sign Up with Email
OR
Log In

You Might Also Like...

Show Comments

Extras

Top Quizzes Today


Score Distribution

Your Account Isn't Verified!

In order to create a playlist on Sporcle, you need to verify the email address you used during registration. Go to your Sporcle Settings to finish the process.